000 00820nam a2200241Ia 4500
003 OSt
005 20221005113010.0
006 a|||||r|||| 00| 0
007 ta
008 221004b |||||||| |||| 00| 0 pan d
020 _a9788171165803 (hbk)
_c395
024 _a7728
037 _b701, 13/06/2013, H.K. Prakashan
_cTextual
040 _aCRL
_cCRL
_bpan
041 _2pan
_apan
082 _aNT44wN37, 153Q2
100 _aਰਵਿੰਦਰ ਰਵੀ
245 0 _aਮੇਰਾ ਥੀਏਟਰ ਤੇ ਇੱਕੀਵੀ੍ਵ ਸਦੀ
260 _aਦਿੱਲੀ
_bਨੈFਨਲ ਬੁੱਕ Fਾਪ ਭਾਰਤ
_c2012
300 _a256ਪੰ
_ccm.
942 _hNT44wN37, 153Q2
_cTEXL
_2cc
999 _c1026693
_d1026693